000 00407nam a22001217a 4500
008 230623b xxu||||| |||| 00| 0 eng d
082 _a316.76
_bCBS
100 _cCentral Bureau of Statistics
245 _aEconomic Survey 1985
_bPrepared by the Central Bureau of Statistics Ministry of planning and National Development
260 _aNairobi
_bCentral Bureau of Statistics
300 _a201p
942 _2ddc
_cBK
999 _c2465
_d2465